000 00819nam a2200301Ia 4500
001 8728
003 IT-RoPAU
008 130308s9999 xx 000 0 und d
040 _aIT-RoPAU
040 _cIT-RoPAU
041 _aFRANCESE
100 _aCollet Jean
100 _gCodice Aut. SPICS: 7915
245 _aCamera
245 _bLectures Du Film
250 _a3a ed.
260 _aPARIS
260 _bAlbatros
260 _c1980 [1° Ed.:1975 - Ed.Ling.Originale:1975]
300 _a"9 p. (prefazione: no ; testo: 9 [pagine: 37-45])"
500 _aMacchina da ripresa Occhio e camera Oscura: Ideologia Fissare Il Movimentoriprodurre Il Movimento
650 _aLINGUAGGIO CINEMATOGRAFICO
650 _eCodice materia Spics: 6804
942 _cBK
957 _71
999 _c51633
_d51633
999 _bSI
999 _g1